| 000 | 00431 a2200121 4500 | ||
|---|---|---|---|
| 001 | 92358 | ||
| 082 | _aPR 2582 | ||
| 090 |
_c44327 _d44328 |
||
| 100 | _aM. Waqas, Prof Haris and Sohail Ahmed (Advisors) | ||
| 245 |
_aDesigning/Optimization of Torsional Free all Composite UAV Wing by Utilizing Inherent Bending/Torsional Coupling Properties of Composite Materials _n79 'A' EC |
||
| 260 |
_aIslamabad _bNUST _c2015 |
||
| 300 | _ax,57p. | ||
| 942 |
_aCAE NUST _kPR 2582 |
||
| 999 |
_c327431 _d327431 |
||